000 00607nam a2200229Ia 4500
003 OSt
005 20221007073442.0
006 a|||||r|||| 00| 0
007 ta
008 221006b |||||||| |||| 00| 0 eng d
024 _a3,933
037 _cTextual
040 _aFLL
_cFLL
_beng
041 _2eng
_aeng
082 _aZ2,5, L9
100 _aDutta K.K.
_9692228
245 0 _aTreatise on criminal law
260 _aLucknow
_bEastern book company India
_c1979
650 _aTreatise on criminal law
_9692229
942 _hZ2,5, L9
_cTEXL
_2CC
999 _c1148788
_d1148788